LIBRARY & INFORMATION CENTRE, KCAET, TAVANUR

ONLINE PUBLIC ACCESS CATALOGUE (OPAC)

Sonnets and verse / (Record no. 5126)

MARC details
000 -LEADER
fixed length control field 00353cam a2200145ua 4500
041 ## - LANGUAGE CODE
Language code of text/sound track or separate title eng
082 ## - DEWEY DECIMAL CLASSIFICATION NUMBER
Classification number 821
Item number BEL/SO
100 ## - MAIN ENTRY--AUTHOR NAME
Personal name Belloc, H .
245 ## - TITLE STATEMENT
Title Sonnets and verse /
260 ## - PUBLICATION, DISTRIBUTION, ETC. (IMPRINT)
Place of publication London :
Name of publisher Gerald Duckworth and Co. Ltd. ,
Year of publication 1954.
300 ## - PHYSICAL DESCRIPTION
Number of Pages 183 ; .
942 ## - ADDED ENTRY ELEMENTS (KOHA)
Koha item type Books
Holdings
Withdrawn status Lost status Damaged status Home library Current library Date acquired Cost, normal purchase price Full call number Accession Number Koha item type Public note
Withdrawn     KAUAET Sanskrit University 07/04/2012 15.00 821 7055 Books Transferred to Sanskrit University
free website counter